| 000 | 00759nam a2200253 4500 | ||
|---|---|---|---|
| 003 | OSt | ||
| 005 | 20240717025709.0 | ||
| 006 | a | ||
| 008 | 240717b |||||||| |||| 00| 0 eng d | ||
| 020 | _a0335219950 | ||
| 040 |
_aDWCL-Main lib. _cOC |
||
| 082 | _aCirc. 362.1042 B878e 2006 | ||
| 100 | _aBrown, Brian | ||
| 245 | _aEvidence-based health communication / | ||
| 260 |
_aEngland: _bOpen University Press, _cc2006. |
||
| 300 |
_b205 p. ; _c24 cm. |
||
| 504 | _aIncludes bibliographical references & index. | ||
| 650 | _a1. Communication. | ||
| 650 | _a2. Professional-Patient relations. | ||
| 650 | _a3. Evidence-based medicine. | ||
| 650 | _a4. Social medicine. | ||
| 650 | _a5. Socioeconomic factors. | ||
| 942 |
_2ddc _n0 _cBK-CIRC _kCirc. |
||
| 999 |
_c2297 _d2297 |
||